Statistics for Dads army

Click here to take the quiz!

General Stats

  • This quiz has been taken 246 times
  • The average score is 9 of 15

Answer Stats

HintAnswer% Correct
Who is the sergeant?wilson
91%
Who plays a butcher man?jones
88%
Who is the youngest?pike
87%
Who is the platoon's medical officer?godfrey
83%
Which charcter smokes?walker
83%
What is Mr Manwaring's job?bank manager
80%
What is Frasier's job?undertaker
74%
What's Pike's mum called?mavis
66%
What's Mr Gateman's jobverger
55%
Who is Godfrey's sister called?dolly
48%
What's the name of mr manwaring's group?home guard
46%
What's the name of the town they live in?warmington
46%
Who owns a farm?sponge
40%
Who works for the vicar?mr gateman
26%
Who plays the greengrocer?mr hodges
15%

Score Distribution

Percentile by Number Answered

Percent of People with Each Score

Your Score History

You have not taken this quiz